000 00486nam a2200169Ia 4500
999 _c28501
_d28501
003 OSt
005 20201204094138.0
008 190216s9999||||xx |||||||||||||| ||und||
040 _coclc
082 _a894.8123
_bCHI/K
100 _aChinnangath, Rajan
_96866
245 0 _aKattum Kulirum Pole /
_cRajan Chinnangath
260 _bCurrent Books,
_aKottayam:
_c1999.
300 _a367p
650 _aMalayalam
942 _cBK
_2ddc
_h894.8123
_iCHI/K
_k894.8123
_mCHI/K